| 000 | 00991nam a22002897a 4500 | ||
|---|---|---|---|
| 001 | 5343 | ||
| 003 | FISKH | ||
| 005 | 20241127112650.0 | ||
| 008 | 241127b cb ||||| |||| 00| 0 eng d | ||
| 020 | _a9780590682138 | ||
| 040 |
_aFISKH _beng _cFISKH _dFISKH |
||
| 050 | _aGV875.A1 | ||
| 082 | _a796.357 | ||
| 100 | _aMcKissack, Patricia C. | ||
| 245 |
_aBlack Diamond : _bThe Story of the Negro Baseball Leagues / _cby Patricia McKissack and Fredrick McKissack |
||
| 250 | _aFirst Scholastic paperback printing, September 1998 | ||
| 260 |
_aNew York : _bScholastic ; _c1994. |
||
| 300 |
_a184 pages : _billustrations ; _c20 cm . |
||
| 505 | _aZ | ||
| 520 | _aTraces the history of baseball in the Negro Leagues and its great heroes, including Monte Irwin, Buck Leonard, and Cool Papa Bell. | ||
| 521 | 8 |
_a1110
_bLexile |
|
| 521 | 8 |
_aZ
_bRaz-Plus |
|
| 650 |
_ablack history _vNon-fiction |
||
| 650 |
_aNegro Leagues _vFiction |
||
| 942 |
_2ddc _cBK _n0 |
||
| 999 |
_c5343 _d5343 |
||